| 000 | 00679nam a22002177a 4500 | ||
|---|---|---|---|
| 999 |
_c20903 _d20903 |
||
| 003 | AR-CdUCM | ||
| 008 | 190402b ||||| |||| 00| 0 spa d | ||
| 040 |
_aMUNICIPALIDAD PROVINCIAL DEL CUSCO _cBIBLIOTECA MUNICIPAL DEL CUSCO |
||
| 082 |
_a808.068 / _bV15 |
||
| 100 |
_aVado, Luz del _943546 |
||
| 245 | _a¡Esos antiguos y bonitos "cacharros"! | ||
| 260 |
_aBarcelona : _bBetis, _c1962. |
||
| 300 |
_bIlustraciones, _c21 cm. |
||
| 440 |
_a"rincón del niño" _943623 |
||
| 505 | _aContenidos :Cuentos infantiles. | ||
| 650 |
_aEducación primaria _91561 |
||
| 650 |
_aCuentos _9217 |
||
| 700 |
_aMoro Acosta (ilustraciones) _943624 |
||
| 942 |
_2ddc _cLIBROS |
||
| 945 | _aAndy | ||